| 000 | 00516nam a22001697a 4500 | ||
|---|---|---|---|
| 003 | OSt | ||
| 005 | 20140310182323.0 | ||
| 008 | 130313t xxu||||| |||| 00| 0 eng d | ||
| 020 | _a0888333129 | ||
| 050 |
_aQE 862 _bD43 1990 |
||
| 082 |
_aQE862.D5 _bD43 1990 |
||
| 245 |
_aEverthing your kids ever wanted to know about dinosaurs and you were afraid they'd ask _cTeri Degler |
||
| 260 |
_aCanada : _bWestern Producer Prairie Books, _cc1990. |
||
| 300 |
_c20 cm. _bill. ; |
||
| 942 |
_2lcc _cBK-GS |
||
| 999 |
_c11858 _d11858 |
||